[Event "CRO-chT3 Center-A"]
[Site "Zagreb"]
[Date "2011.10.30"]
[Round "11.24"]
[White "Vukusic, Marin"]
[Black "Gujic, Leonard"]
[Result "0-1"]
[WhiteElo "2126"]
[BlackElo "2003"]
[PlyCount "78"]
[EventDate "2011.03.13"]
[EventType "team-tourn"]
[EventRounds "11"]
[EventCountry "CRO"]
[SourceTitle "EXT 2014"]
[Source "ChessBase"]
[SourceDate "2013.11.20"]
[SourceVersion "1"]
[SourceVersionDate "2013.11.20"]
[SourceQuality "1"]

1. e3 e6 2. b3 Nf6 3. Bb2 d5 4. Nf3 a6 5. d4 c5 6. Bd3 Nc6 7. 0-0 b5 8. a4 b4 9. Nbd2 Bb7 10. Qe2 cxd4 11. Nxd4 Nxd4 12. Bxd4 Be7 13. f4 0-0 14. Rf3 g6 15. Raf1 Ne4 16. g4 f5 17. Rh3 Nxd2 18. Qxd2 a5 19. Qe2 Rf7 20. Rf2 Bf8 21. Rg2 Bg7 22. Rhg3 Qc7 23. Bxg7 Kxg7 24. gxf5 exf5 25. Qh5 Bc8 26. Rxg6+ hxg6 27. Rxg6+ Kf8 28. Qh8+ Ke7 29. Rg8 Qc3 30. Re8+ Kd6 31. Re5 Qe1+ 32. Kg2 Bb7 33. Re6+ Kxe6 34. Qe5+ Kd7 35. Bxf5+ Rxf5 36. Qxf5+ Kc6 37. Qf6+ Kc7 38. Qe7+ Kb6 39. Qf6+ Bc6 0-1

[Event "CRO-chT3 Center-A"]
[Site "Zagreb"]
[Date "2011.04.10"]
[Round "6.34"]
[White "Gujic, Leonard"]
[Black "Jakovljevski, Radivoje"]
[Result "0-1"]
[WhiteElo "2003"]
[BlackElo "2116"]
[PlyCount "77"]
[EventDate "2011.03.13"]
[EventType "team-tourn"]
[EventRounds "11"]
[EventCountry "CRO"]
[SourceTitle "EXT 2014"]
[Source "ChessBase"]
[SourceDate "2013.11.20"]
[SourceVersion "1"]
[SourceVersionDate "2013.11.20"]
[SourceQuality "1"]

1. d4 d6 2. Nf3 Bg4 3. g3 Nf6 4. Bg2 g6 5. 0-0 Bg7 6. b3 0-0 7. Bb2 c6 8. c4 Qc7 9. Nbd2 Nbd7 10. Qc2 e5 11. h3 Bxf3 12. Nxf3 Rfe8 13. dxe5 dxe5 14. e3 a5 15. Rfd1 Nc5 16. Rac1 Nfd7 17. Bc3 e4 18. Ne1 Bxc3 19. Qxc3 f5 20. Rc2 Re7 21. Qd4 Rae8 22. Rcd2 Qb6 23. Nc2 Ne5 24. Qc3 Ncd3 25. Nd4 Qc5 26. a4 Rb8 27. Rc2 Nb4 28. Rcd2 b5 29. axb5 cxb5 30. Bf1 Rc8 31. Ra1 bxc4 32. bxc4 Ned3 33. Bxd3 exd3 34. Nb3 Qxc4 35. Qxc4+ Rxc4 36. Rxa5 Rc3 37. Nd4 Rb7 38. Kg2 Nc2 39. Nf3 0-1

[Event "CRO-chT3 Center-A"]
[Site "Zagreb"]
[Date "2011.04.03"]
[Round "5.54"]
[White "Vukic, Aleksandar"]
[Black "Gujic, Leonard"]
[Result "0-1"]
[WhiteElo "2141"]
[BlackElo "2003"]
[PlyCount "112"]
[EventDate "2011.03.13"]
[EventType "team-tourn"]
[EventRounds "11"]
[EventCountry "CRO"]
[SourceTitle "EXT 2014"]
[Source "ChessBase"]
[SourceDate "2013.11.20"]
[SourceVersion "1"]
[SourceVersionDate "2013.11.20"]
[SourceQuality "1"]

1. Nf3 e6 2. c4 d5 3. d4 Nf6 4. Nc3 Be7 5. Bg5 c6 6. cxd5 exd5 7. Qc2 Bg4 8. Ne5 Nbd7 9. Nxg4 Nxg4 10. Bf4 0-0 11. e3 Re8 12. Bd3 Ngf6 13. g4 g6 14. f3 Nf8 15. 0-0-0 Bd6 16. Bg5 Ne6 17. Bh4 Be7 18. Bf2 Ng7 19. h4 h5 20. Rdg1 Bb4 21. Kb1 Bxc3 22. bxc3 Qd7 23. g5 Nh7 24. e4 Nf8 25. Bg3 Rac8 26. Qb2 b5 27. Be5 a6 28. Rf1 dxe4 29. fxe4 Rxe5 30. dxe5 Qxd3+ 31. Ka1 Qxe4 32. Re1 Qc4 33. Qd2 Nf5 34. Rhf1 Ne6 35. Qc2 Rd8 36. Rh1 Rd3 37. Kb2 Nc5 38. Rd1 Rxc3 39. Rd8+ Kg7 40. Qd2 Rd3 41. Rxd3 Nxd3+ 42. Ka1 Qd4+ 43. Kb1 Nxe5 44. Qc2 Qd3 45. Re1 Qxc2+ 46. Kxc2 Nf3 47. Re4 Kf8 48. Kc3 c5 49. Kd3 c4+ 50. Kc3 a5 51. a4 b4+ 52. Kb2 c3+ 53. Kc1 N3d4 54. Re5 Nc6 55. Rc5 Nfd4 56. Rc4 Ke7 0-1

[Event "Velika Gorica op 9th"]
[Site "Velika Gorica"]
[Date "2010.08.30"]
[Round "8"]
[White "Havas, Janko"]
[Black "Gujic, Leonard"]
[Result "1-0"]
[WhiteElo "2107"]
[BlackElo "2010"]
[PlyCount "118"]
[EventDate "2010.08.23"]
[EventType "swiss"]
[EventRounds "9"]
[EventCountry "CRO"]
[SourceTitle "CBM 138 Extra"]
[Source "ChessBase"]
[SourceDate "2010.10.29"]
[SourceVersion "1"]
[SourceVersionDate "2010.10.29"]
[SourceQuality "1"]

1. d4 Nf6 2. Bg5 Ne4 3. Bh4 d5 4. f3 Nd6 5. Nc3 Nc4 6. e4 c6 7. Bxc4 dxc4 8. Nge2 Qa5 9. 0-0 g5 10. Bf2 Be6 11. d5 cxd5 12. exd5 Bf5 13. Qd4 Rg8 14. Qxc4 Na6 15. Nd4 Bd7 16. Rfe1 Rg6 17. Rad1 Rc8 18. Qe2 Qb4 19. Nb3 g4 20. Rd4 gxf3 21. Qxf3 Rc4 22. Rxc4 Qxc4 23. Re4 Qc7 24. Bg3 Qb6+ 25. Bf2 Qc7 26. Rf4 f6 27. Bg3 Qb6+ 28. Qf2 Qxf2+ 29. Rxf2 b6 30. Re2 Kf7 31. Nd4 Bg4 32. Re1 Nc5 33. Nc6 a6 34. Bc7 Nd7 35. Nd8+ Ke8 36. Nc6 Kf7 37. Bf4 h5 38. Kf2 h4 39. g3 h3 40. b4 b5 41. a4 Nb6 42. axb5 axb5 43. Bc7 Nc4 44. Nxb5 Rg5 45. Nc3 Rf5+ 46. Bf4 Ke8 47. Nd4 Rh5 48. Ne4 Bg7 49. Nd6+ Nxd6 50. Bxd6 Bf8 51. c4 Kd7 52. Bf4 Kc8 53. Ne6 Bh6 54. Bxh6 Rxh6 55. Nf4 Rh7 56. c5 Bf5 57. b5 Kb7 58. Re3 Rg7 59. b6 Bc2 1-0

[Event "Velika Gorica op 9th"]
[Site "Velika Gorica"]
[Date "2010.08.28"]
[Round "6"]
[White "Hrupacki, Milan"]
[Black "Gujic, Leonard"]
[Result "1-0"]
[WhiteElo "2088"]
[BlackElo "2010"]
[PlyCount "111"]
[EventDate "2010.08.23"]
[EventType "swiss"]
[EventRounds "9"]
[EventCountry "CRO"]
[SourceTitle "CBM 138 Extra"]
[Source "ChessBase"]
[SourceDate "2010.10.29"]
[SourceVersion "1"]
[SourceVersionDate "2010.10.29"]
[SourceQuality "1"]

1. d4 Nf6 2. c4 e6 3. Nc3 Bb4 4. a3 Bxc3+ 5. bxc3 b6 6. a4 Bb7 7. Ba3 d6 8. e3 0-0 9. Nf3 Nbd7 10. Bd3 Ne4 11. Qc2 f5 12. 0-0 c5 13. Nd2 Nxd2 14. Qxd2 Rf6 15. f3 Qc7 16. e4 fxe4 17. fxe4 Raf8 18. Rxf6 Rxf6 19. Qe3 Qb8 20. Bc1 cxd4 21. cxd4 e5 22. d5 Nc5 23. Be2 Qc7 24. Bd2 Rf4 25. Bf3 Ba6 26. Qe2 Rf8 27. a5 bxa5 28. Bxa5 Qb7 29. h3 Qb3 30. Bc7 Rf6 31. Bd8 Rf7 32. Rc1 Nd3 33. Ra1 Bxc4 34. Bg4 Nf4 35. Qd2 Qb8 36. Bg5 Qb6+ 37. Kh2 h6 38. Bh4 Kh7 39. Bf2 Qb8 40. Ra4 Bb5 41. Ra3 Nd3 42. Be3 Nc5 43. Bh5 g6 44. Bf3 Qf8 45. h4 a6 46. h5 g5 47. Bg4 Qe7 48. Bf5+ Kg7 49. g4 Nd7 50. Rc3 Qd8 51. Kh3 Qa5 52. Bxg5 Qa1 53. Bxh6+ Kh8 54. Rc8+ Nf8 55. Bxf8 Qh1+ 56. Kg3 1-0

[Event "Zagreb op-B"]
[Site "Zagreb"]
[Date "2009.03.21"]
[Round "1"]
[White "Gujic, Leonard"]
[Black "Plenca, Julian"]
[Result "0-1"]
[WhiteElo "1990"]
[BlackElo "2248"]
[PlyCount "106"]
[EventDate "2009.03.21"]
[EventType "swiss"]
[EventRounds "9"]
[EventCountry "CRO"]
[SourceTitle "CBM 129 Extra"]
[Source "ChessBase"]
[SourceDate "2009.05.05"]
[SourceVersion "2"]
[SourceVersionDate "2009.05.20"]
[SourceQuality "1"]

1. d4 e6 2. c4 Nf6 3. Nf3 d5 4. e3 c6 5. Bd3 Nbd7 6. 0-0 Bd6 7. Nc3 0-0 8. c5 Bc7 9. b4 e5 10. dxe5 Nxe5 11. Bb2 Nxf3+ 12. gxf3 Bh3 13. Ne2 Bxf1 14. Qxf1 Re8 15. Qg2 Be5 16. Nd4 Nd7 17. f4 Bf6 18. Qh3 Nf8 19. Kh1 a5 20. Rg1 Ng6 21. b5 Qc8 22. Bf5 Qc7 23. a4 cxb5 24. Nxb5 Qe7 25. Bxf6 Qxf6 26. Nc7 Nf8 27. Nxa8 Rxa8 28. Rb1 Qc6 29. Rb5 d4+ 30. Qg2 dxe3 31. fxe3 Qf6 32. Qxb7 Rd8 33. Qe4 Rd1+ 34. Kg2 Rd2+ 35. Kg3 g6 36. Bh3 Qc3 37. c6 Re2 38. Re5 Qe1+ 39. Kg4 f5+ 40. Rxf5 gxf5+ 41. Kxf5 Qc3 42. Qd5+ Kg7 43. Qd4+ Qxd4 44. exd4 Kf7 45. Bg4 Rc2 46. d5 Ke7 47. Ke5 Ng6+ 48. Kd4 Kd6 49. f5 Ne5 50. Bh5 Rc4+ 51. Ke3 Kxd5 52. Be8 Re4+ 53. Kd2 Nc4+ 0-1

[Event "Velika Gorica op 8th"]
[Site "Velika Gorica"]
[Date "2008.08.25"]
[Round "4"]
[White "Gujic, Leonard"]
[Black "Mihalinec, Damir"]
[Result "0-1"]
[WhiteElo "2027"]
[BlackElo "2249"]
[PlyCount "94"]
[EventDate "2008.08.23"]
[EventType "swiss"]
[EventRounds "9"]
[EventCountry "CRO"]
[SourceTitle "CBM 126 Extra"]
[Source "ChessBase"]
[SourceDate "2008.11.05"]
[SourceVersion "1"]
[SourceVersionDate "2008.11.05"]
[SourceQuality "1"]

1. d4 Nf6 2. c4 g6 3. Nc3 d5 4. e3 Bg7 5. Nf3 0-0 6. Bd3 Nc6 7. 0-0 Re8 8. a3 e5 9. cxd5 Nxd5 10. Nxd5 Qxd5 11. e4 Qd6 12. d5 Ne7 13. Nd2 f5 14. Nc4 Qf6 15. f3 f4 16. a4 g5 17. h3 Ng6 18. b3 Bf8 19. Ba3 Bd7 20. Bxf8 Qxf8 21. Qd2 Rad8 22. Qf2 a6 23. Rfd1 h5 24. Be2 Bc8 25. Rab1 Qb4 26. Qe1 Qe7 27. b4 g4 28. fxg4 hxg4 29. hxg4 Qg5 30. d6 c6 31. Nb6 Bxg4 32. d7 Re7 33. Rb3 Rg7 34. Rd2 Nh4 35. Bxg4 Qxg4 36. Qf2 f3 37. g3 Qh3 38. Rxf3 Nxf3+ 39. Qxf3 Rxg3+ 40. Qxg3+ Qxg3+ 41. Rg2 Qxg2+ 42. Kxg2 Kf7 43. Kf3 Ke7 44. Ke3 Rh8 45. Nc4 Rh3+ 46. Kd2 Rb3 47. Nxe5 Rxb4 0-1

[Event "Velika Gorica op 7th"]
[Site "Velika Gorica"]
[Date "2007.08.25"]
[Round "9"]
[White "Jakupec, Denis"]
[Black "Gujic, Leonard"]
[Result "0-1"]
[WhiteElo "2144"]
[BlackElo "2010"]
[PlyCount "70"]
[EventDate "2007.08.18"]
[EventType "swiss"]
[EventRounds "9"]
[EventCountry "CRO"]
[SourceTitle "CBM 120 Extra"]
[Source "ChessBase"]
[SourceDate "2007.11.01"]
[SourceVersion "1"]
[SourceVersionDate "2007.11.01"]
[SourceQuality "1"]

1. d4 b6 2. c4 e6 3. a3 Bb7 4. Nc3 Nf6 5. Nf3 d5 6. cxd5 exd5 7. g3 h6 8. Bg2 Bd6 9. 0-0 0-0 10. Ne5 c6 11. f4 Nbd7 12. e4 dxe4 13. Nxe4 Qc7 14. Qb3 Nxe4 15. Bxe4 c5 16. Bxb7 Qxb7 17. Nxd7 Qxd7 18. f5 cxd4 19. f6 Be5 20. fxg7 Bxg7 21. Bd2 Qe6 22. Qd3 Rad8 23. Rae1 Qg6 24. Re4 Rfe8 25. Rfe1 Re6 26. Qf3 Rde8 27. Rxe6 Rxe6 28. Rxe6 fxe6 29. Qa8+ Kh7 30. Qxa7 Qb1+ 31. Kf2 Qxb2 32. Ke2 Qb5+ 33. Ke1 Qc6 34. Kf2 e5 35. Qf7 e4 0-1

[Event "Zagreb op"]
[Site "Zagreb"]
[Date "2007.03.23"]
[Round "7"]
[White "Gujic, Leonard"]
[Black "Blazeka, Damjan"]
[Result "1-0"]
[WhiteElo "2010"]
[BlackElo "1917"]
[PlyCount "125"]
[EventDate "2007.03.17"]
[EventType "swiss"]
[EventRounds "9"]
[EventCountry "CRO"]
[SourceTitle "CBM 117 Extra"]
[Source "ChessBase"]
[SourceDate "2007.05.09"]
[SourceVersion "1"]
[SourceVersionDate "2007.05.09"]
[SourceQuality "1"]

1. d4 Nf6 2. Nf3 g6 3. c4 Bg7 4. Nc3 0-0 5. e3 d6 6. Be2 c5 7. 0-0 Nbd7 8. b3 b6 9. Bb2 Bb7 10. Qd2 Ne4 11. Nxe4 Bxe4 12. Rad1 Qc7 13. Ne1 Bb7 14. Bg4 Nf6 15. Bh3 Ne4 16. Qe2 cxd4 17. exd4 Ng5 18. Bg4 f5 19. Bf3 Bxf3 20. Nxf3 Nxf3+ 21. Qxf3 e5 22. Qd5+ Kh8 23. Rfe1 Rad8 24. f3 Rfe8 25. Kf1 Qe7 26. Re2 Qh4 27. g3 Qh3+ 28. Kg1 Bf6 29. Rde1 Qh5 30. f4 e4 31. a4 Qh6 32. Qf7 Qg7 33. Qxg7+ Kxg7 34. d5 Bxb2 35. Rxb2 Rc8 36. Kf2 h6 37. Ke3 a6 38. Kd4 Kf6 39. h4 g5 40. hxg5+ hxg5 41. Rh2 Rh8 42. Reh1 Rxh2 43. Rxh2 gxf4 44. gxf4 Rg8 45. Rh6+ Ke7 46. Re6+ Kd7 47. Rf6 Rg3 48. Rxf5 Rxb3 49. Kxe4 Rb4 50. Kd3 Rxa4 51. Rf7+ Ke8 52. Rb7 b5 53. cxb5 axb5 54. Ke3 Rb4 55. Kf3 Rb1 56. Ke4 Re1+ 57. Kf5 Re7 58. Rxb5 Kf7 59. Rb6 Rd7 60. Ra6 Ke7 61. Kg6 Kf8 62. Ra8+ Ke7 63. Rg8 1-0

[Event "Velika Gorica op 3rd"]
[Site "Velika Gorica"]
[Date "2003.??.??"]
[Round "1"]
[White "Gujic, Leonard"]
[Black "Kosanski, Stanko"]
[Result "0-1"]
[WhiteElo "1993"]
[BlackElo "2395"]
[PlyCount "44"]
[EventDate "2003.08.??"]
[EventType "swiss"]
[EventRounds "9"]
[EventCountry "CRO"]
[SourceTitle "EXT 2005"]
[Source "ChessBase"]
[SourceDate "2004.11.15"]
[SourceVersion "1"]
[SourceVersionDate "2004.11.15"]
[SourceQuality "1"]

1. d4 c5 2. e3 Nf6 3. Nf3 d6 4. Nbd2 cxd4 5. exd4 a6 6. Bd3 e6 7. 0-0 Be7 8. Re1 0-0 9. c3 Nbd7 10. Qc2 h6 11. h3 b6 12. Nf1 Bb7 13. N3h2 Rc8 14. Qe2 a5 15. Ng3 Re8 16. Bb5 Bc6 17. Be3 Qc7 18. Rad1 Bxb5 19. Qxb5 Qc4 20. Qxc4 Rxc4 21. Nf3 b5 22. Bd2 Bf8 0-1